000 00633nam a2200253 a 4500
003 AR-BaBNM
005 20251128205200.0
008 082120s2002 ||||||||||||||000 | spa||
040 _cAR-BaBNM
100 1 _aRicci, Ferdinando
245 0 0 _aGorjito entre los hombres
250 _a2ª ed.
260 _aBuenos Aires
_bPlus Ultra
_c1978
300 _a67 p.
490 0 _aLiteratura juvenil
_vv. 25
650 4 _aLITERATURA ARGENTINA
650 4 _aLITERATURA INFANTIL
650 4 _aLIBROS PARA NIÑOS
653 _aNARRATIVA
653 _aNOVELA DE AVENTURAS
655 _aLITERATURA
942 _cBK
998 _cMARTIN
999 _c10338
_d10338